Nghiên cứu thành phần loài và đặc điểm phân bố của ếch nhái, bò sát ở tỉnh Đồng Tháp Luận văn thạc sĩ sinh học. Chuyên ngành: Động vật học. Mã số: 60 62 10

Shranjeno v:
Bibliografske podrobnosti
Glavni avtor: Hoàng, Thị Nghiệp
Drugi avtorji: Ngô, Đắc Chứng (Hướng dẫn)
Format: Luận văn Kit Knjiga
Jezik:Vietnamese
Izdano: Huế Đại học sư phạm 2006
Teme:
Oznake: Označite
Brez oznak, prvi označite!
Thư viện lưu trữ: Trung tâm Học liệu Lê Vũ Hùng, Trường Đại học Đồng Tháp
LEADER 01289ppm a22003018a 4500
001 00029905
005 20171026081022.0
008 121128s2006 ||||||viesd
041 0 # |a vie 
082 1 4 |a 597.8  |b NGH305C 
100 1 # |a Hoàng, Thị Nghiệp 
245 0 0 |c Hoàng Thị Nghiệp; Ngô Đắc Chứng (hướng dẫn)  |b Luận văn thạc sĩ sinh học. Chuyên ngành: Động vật học. Mã số: 60 62 10  |a Nghiên cứu thành phần loài và đặc điểm phân bố của ếch nhái, bò sát ở tỉnh Đồng Tháp 
260 # # |a Huế  |b Đại học sư phạm  |c 2006 
300 # # |a 58 tr.  |c 30cm.  |e 1 bản tóm tắt +1 CD 
500 # # |a ĐTTTS ghi: Bộ giáo dục và đào tạo. Đại học Huế. Trường Đại học sư phạm 
653 # # |a Bò sát 
653 # # |a Luận văn 
653 # # |a Ếch nhái 
653 # # |a Tỉnh Đồng Tháp 
653 # # |a Phân bố 
653 # # |a Thành phần 
700 1 # |a Ngô, Đắc Chứng  |e Hướng dẫn 
852 # # |j LV.0000091 
852 # # |b Kho đọc SĐH  |j LV.0000091 
910 |d 28/11/2012 
980 # # |a Trung tâm Học liệu Lê Vũ Hùng, Trường Đại học Đồng Tháp